• 首页
  • 本馆介绍
  • 公告通知
  • 最新文献
  • 馆藏检索
  • 电子资源
  • 读者导购
  • 参考咨询
  • 我的图书馆
  • 登录
  • 详细信息显示
  • 放入我的书架
  • 预约/预借图书
  • 作者相关作品
  • 分类相关作品
  • 丛书相关作品
  • 出版社相关作品

书目信息

  • 表格格式
  • 工作单格式
  • 卡片格式
题名:
理论 感悟 实践
    
 
作者: ;北京新闻工作者协会 编
分册:  
出版信息: 北京   中国铁道出版社  2012
页数: 507页
开本: 21cm
丛书名: 北京媒体三项学习教育丛书
单 册:
中图分类: G219.271-53
科图分类:
主题词: 新闻工作--北京--文集 , 新闻工作
电子资源:
ISBN: 978-7-113-15633-6
000 01126nam0 2200277 450
001 524
005 20140909171610.17
010    @a978-7-113-15633-6@dCNY48.00
100    @a20131219d2012 em y0chiy50 ea
101 0  @achi
102    @aCN@b110000
105    @ay z 000yy
106    @ar
200 1  @a理论 感悟 实践@ALi Lun Gan Wu Shi Jian@e北京市优秀新闻工作者百人谈@EBei Jing Shi You Xiu Xin Wen Gong Zuo Zhe Bai Ren Tan@f北京新闻工作者协会编@FBei Jing Xin Wen Gong Zuo Zhe Xie Hui Bian
210    @a北京@c中国铁道出版社@d2012
215    @a507页@d21cm
225 2  @a北京媒体三项学习教育丛书
330    @a本书分为理论篇、感悟篇和实践篇,收录有《报纸与读者的三个结合点》、《“属实”——记者终生的追求》、《我当记者40年》等文章。
461  0 @12001 @a北京媒体三项学习教育丛书
517 1  @a北京市优秀新闻工作者百人谈@ABei Jing Shi You Xiu Xin Wen Gong Zuo Zhe Bai Ren Tan
606 0  @a新闻工作@y北京@j文集
606 0  @a新闻工作
690    @aG219.271-53@v5
711 02 @a北京新闻工作者协会@ABei Jing Xin Wen Gong Zuo Zhe Xie Hui@4编
801  0 @aCN@bTANGWEI@c20140603
905    @b0838819-21@dG219.271-53@e610@f3
    
    理论 感悟 实践:北京市优秀新闻工作者百人谈/北京新闻工作者协会编.-北京:中国铁道出版社,2012
    507页;21cm.-(北京媒体三项学习教育丛书)
    
    
    ISBN 978-7-113-15633-6:CNY48.00
    本书分为理论篇、感悟篇和实践篇,收录有《报纸与读者的三个结合点》、《“属实”——记者终生的追求》、《我当记者40年》等文章。
●
相关链接 在E读中查询图书 在五车中查询图书 在当当中查询图书 在豆瓣中查询图书


正题名:理论 感悟 实践     索取号:G219.271-53/610         预约/预借

序号 登录号 条形码 馆藏地/架位号 状态 备注
1 0838819   208388190   第一样本阅览室/ [索取号:G219.271-53/610] 在馆    
2 0838820   208388207   第四借阅区/ [索取号:G219.271-53/610] 在馆    
3 0838821   208388216   第四借阅区/ [索取号:G219.271-53/610] 在馆    
唐山师范学院图书馆 欢迎您!
大连网信软件有限公司© 版权所有